000
00298nam a22001337a 4500
008
180927b xxu||||| |||| 00| 0 eng d
020
_a
0256022933
041
_a
eng
080
_a
330.722
100
_a
61
101
_a
KON
245
_a
Fundamental Accounting Principles
_c
Pyle
942
_2
udc
_c
BK
999
_c
48584
_d
48584